[Event "EU-chT Seniors 50"]
[Site "Terme Catez"]
[Date "2024.05.15"]
[Round "9.4"]
[White "Jonsson, Bjorgvin"]
[Black "Nielsen, Niels-Peter"]
[Result "1-0"]
[WhiteElo "2314"]
[BlackElo "2099"]
[PlyCount "39"]
[EventDate "2024.05.07"]
[EventType "team-swiss"]
[EventRounds "9"]
[EventCountry "SLO"]
[SourceTitle "CBM 220 Extra"]
[Source "ChessBase"]
[SourceDate "2024.07.31"]
[SourceVersion "1"]
[SourceVersionDate "2024.07.31"]
[SourceQuality "1"]
[WhiteTeam "Iceland 50"]
[BlackTeam "Denmark"]
[WhiteTeamCountry "ISL"]
[BlackTeamCountry "DEN"]

1. e4 c5 2. Nf3 d6 3. d4 cxd4 4. Nxd4 Nf6 5. Nc3 a6 6. Bg5 e6 7. f4 Be7 8. Qf3 Qc7 9. 0-0-0 Nbd7 10. g4 b5 11. Bxf6 Bxf6 12. Bxb5 axb5 13. Ndxb5 Qc6 14. Rxd6 Qb7 15. Rxe6+ Kf8 16. Nd6 fxe6 17. Nxb7 Bxb7 18. Rd1 Ke7 19. g5 Bxc3 20. Qxc3 1-0

[Event "EU-chT Seniors 50"]
[Site "Terme Catez"]
[Date "2024.05.14"]
[Round "8.3"]
[White "Jonsson, Bjorgvin"]
[Black "Poess, Frank"]
[Result "1/2-1/2"]
[WhiteElo "2314"]
[BlackElo "2042"]
[PlyCount "117"]
[EventDate "2024.05.07"]
[EventType "team-swiss"]
[EventRounds "9"]
[EventCountry "SLO"]
[SourceTitle "CBM 220 Extra"]
[Source "ChessBase"]
[SourceDate "2024.07.31"]
[SourceVersion "1"]
[SourceVersionDate "2024.07.31"]
[SourceQuality "1"]
[WhiteTeam "Iceland 50"]
[BlackTeam "Germany Dinslaken 50"]
[WhiteTeamCountry "ISL"]
[BlackTeamCountry "GER"]

1. e4 e5 2. Nf3 Nf6 3. Nxe5 d6 4. Nf3 Nxe4 5. d4 d5 6. Bd3 Nc6 7. 0-0 Be7 8. Re1 Bg4 9. c3 f5 10. Nbd2 0-0 11. Nf1 Bh4 12. Ng3 Kh8 13. Nh1 Qd7 14. h3 Bh5 15. Be2 Bxf3 16. Bxf3 Rae8 17. Bf4 Nd8 18. Qd3 Nf7 19. Re2 Nfd6 20. Rae1 c6 21. Ng3 Nxg3 22. Rxe8 Rxe8 23. Rxe8+ Nxe8 24. fxg3 Bd8 25. g4 fxg4 26. Bxg4 Qf7 27. Qe3 Nf6 28. Bf3 Bc7 29. Be5 h6 30. Qf4 Bd8 31. Be2 Qg6 32. Bf1 Qe4 33. Qd2 Qh4 34. g3 Qh5 35. Qf2 Be7 36. g4 Qg6 37. Qf5 Qxf5 38. gxf5 Ne4 39. Bd3 Nd6 40. Kg2 Kg8 41. b3 b5 42. Kf3 Kf7 43. Bg3 Ne8 44. Kg4 Nf6+ 45. Kf3 Ke8 46. Be5 Kd7 47. c4 a6 48. cxb5 cxb5 49. a4 Kc6 50. Bf4 Bd8 51. Bd2 Be7 52. Ba5 Ba3 53. Kf4 Bd6+ 54. Ke3 Be7 55. Be2 Ne4 56. Bd3 Nf6 57. Kd2 Nh5 58. Ke3 Nf6 59. Kf3 1/2-1/2

[Event "EU-chT Seniors 50"]
[Site "Terme Catez"]
[Date "2024.05.13"]
[Round "7.4"]
[White "Jonsson, Bjorgvin"]
[Black "Conquest, Stuart"]
[Result "0-1"]
[WhiteElo "2314"]
[BlackElo "2510"]
[PlyCount "66"]
[EventDate "2024.05.07"]
[EventType "team-swiss"]
[EventRounds "9"]
[EventCountry "SLO"]
[SourceTitle "CBM 220 Extra"]
[Source "ChessBase"]
[SourceDate "2024.07.31"]
[SourceVersion "1"]
[SourceVersionDate "2024.07.31"]
[SourceQuality "1"]
[WhiteTeam "Iceland 50"]
[BlackTeam "England 50"]
[WhiteTeamCountry "ISL"]
[BlackTeamCountry "ENG"]

1. e4 c6 2. d4 d5 3. e5 Bf5 4. Nc3 e6 5. g4 Bg6 6. Nge2 Bb4 7. Be3 Ne7 8. Qd2 Nd7 9. h4 h5 10. f3 c5 11. Nf4 Rc8 12. Bb5 hxg4 13. fxg4 Be4 14. Rh3 Nc6 15. Nh5 g6 16. Nf6+ Nxf6 17. exf6 Qxf6 18. 0-0-0 a6 19. Bxc6+ Rxc6 20. dxc5 Bxc3 21. Qxc3 Qxc3 22. bxc3 e5 23. Rd2 f5 24. gxf5 gxf5 25. Bf2 Kf7 26. c4 d4 27. c3 d3 28. Rd1 Rg6 29. Rh2 Ke6 30. Re1 Rhg8 31. Be3 Rg2 32. Rxg2 Rxg2 33. Rg1 d2+ 0-1

[Event "ISL-chT1 2122"]
[Site "Reykjavik"]
[Date "2021.10.03"]
[Round "5.2"]
[White "Thorfinnsson, Bjorn"]
[Black "Jonsson, Bjorgvin"]
[Result "1-0"]
[WhiteElo "2386"]
[BlackElo "2337"]
[PlyCount "125"]
[EventDate "2021.09.30"]
[EventType "team-tourn"]
[EventRounds "10"]
[EventCountry "ISL"]
[SourceTitle "EXT 2022"]
[Source "ChessBase"]
[SourceDate "2021.10.06"]
[SourceVersion "1"]
[SourceVersionDate "2021.10.06"]
[SourceQuality "1"]
[WhiteTeam "Vikingaklubburinn"]
[BlackTeam "Breidjablik Bolungarvik"]
[WhiteTeamCountry "ISL"]
[BlackTeamCountry "ISL"]

1. d4 Nf6 2. Nf3 e6 3. Bg5 Be7 4. e3 b6 5. Bd3 Bb7 6. Nbd2 c5 7. c3 h6 8. Bh4 0-0 9. 0-0 d6 10. a4 cxd4 11. exd4 Nbd7 12. a5 bxa5 13. Qa4 Nb6 14. Qxa5 Qc7 15. Bg3 Rfc8 16. c4 Qd8 17. Rfc1 Qf8 18. b4 Bd8 19. c5 Nbd5 20. Qa4 dxc5 21. dxc5 Bc6 22. b5 Be8 23. Bd6 Be7 24. Nc4 Rxc5 25. Bxc5 Bxc5 26. Nce5 Qd6 27. Qa6 Bb6 28. Nc4 Qb8 29. Nxb6 Nxb6 30. h3 Nbd5 31. Bf1 e5 32. Re1 e4 33. Nd4 Nc7 34. Qa5 Qb7 35. Rec1 Ncd5 36. Qa6 Qb8 37. Nc6 Qf4 38. Qb7 e3 39. Qxa8 Qxf2+ 40. Kh1 Nf4 41. Ne7+ Kf8 42. Qf3 Qxf3 43. gxf3 Kxe7 44. Rxa7+ Kd6 45. b6 Bc6 46. Rxf7 Bxf3+ 47. Kh2 e2 48. Bxe2 Nxe2 49. Rf1 Bc6 50. Rxg7 Nd5 51. b7 Bxb7 52. Rxb7 Nef4 53. Rxf4 Nxf4 54. Rb6+ Ke5 55. Rxh6 Kf5 56. Ra6 Kg5 57. Ra5+ Kh4 58. Ra4 Kg5 59. Kg3 Ne2+ 60. Kf3 Ng1+ 61. Kf2 Nxh3+ 62. Kg3 Ng1 63. Re4 1-0

[Event "ISL-chT1 1920"]
[Site "Reykjavik"]
[Date "2021.05.16"]
[Round "9.5"]
[White "Thorsteinsdottir, Gudlaug"]
[Black "Jonsson, Bjorgvin"]
[Result "0-1"]
[WhiteElo "1975"]
[BlackElo "2334"]
[PlyCount "66"]
[EventDate "2019.10.03"]
[EventType "team-tourn"]
[EventRounds "9"]
[EventCountry "ISL"]
[SourceTitle "EXT 2022"]
[Source "ChessBase"]
[SourceDate "2021.10.06"]
[SourceVersion "1"]
[SourceVersionDate "2021.10.06"]
[SourceQuality "1"]
[WhiteTeam "Taflfelag Gardjabaejar"]
[BlackTeam "Breidjablik Bolungarvik"]
[WhiteTeamCountry "ISL"]
[BlackTeamCountry "ISL"]

1. d4 Nf6 2. c4 e6 3. Nc3 Bb4 4. Qc2 0-0 5. a3 Bxc3+ 6. Qxc3 b6 7. Bg5 h6 8. Bxf6 Qxf6 9. Rd1 Bb7 10. Qc2 d6 11. d5 exd5 12. cxd5 c6 13. g3 cxd5 14. Bg2 Na6 15. Nf3 Rac8 16. Qd2 Nc5 17. 0-0 Ne4 18. Qd4 Rc2 19. Qa4 Rxb2 20. Qxa7 Nc5 21. Rb1 Ra8 22. Qxb6 Rxb6 23. Rxb6 Rxa3 24. Rfb1 Ra1 25. e3 Rxb1+ 26. Rxb1 Ba6 27. Nd4 Ne4 28. Rb2 g6 29. h4 h5 30. Bh3 Qe7 31. Kh2 Qc7 32. Rc2 Qa5 33. Bd7 Qe1 0-1

[Event "WchT Seniors 50"]
[Site "Prague"]
[Date "2020.03.11"]
[Round "6.3"]
[White "Jonsson, Bjorgvin"]
[Black "Motuz, Karol"]
[Result "1/2-1/2"]
[WhiteElo "2324"]
[BlackElo "2368"]
[PlyCount "49"]
[EventDate "2020.03.06"]
[EventType "team-swiss"]
[EventRounds "7"]
[EventCountry "CZE"]
[SourceTitle "CBM 195 Extra"]
[Source "ChessBase"]
[SourceDate "2020.05.31"]
[SourceVersion "1"]
[SourceVersionDate "2020.05.31"]
[SourceQuality "1"]
[WhiteTeam "Island 50"]
[BlackTeam "Slovakia 50"]
[WhiteTeamCountry "ISL"]
[BlackTeamCountry "SVK"]

1. e4 e5 2. Nf3 Nc6 3. Bb5 a6 4. Ba4 Nf6 5. 0-0 Nxe4 6. d4 b5 7. Bb3 d5 8. dxe5 Be6 9. Nbd2 Nc5 10. c3 Be7 11. Bc2 d4 12. Ne4 d3 13. Nxc5 dxc2 14. Qxd8+ Rxd8 15. Nxe6 fxe6 16. Be3 Rd5 17. Rfc1 Nxe5 18. Nxe5 Rxe5 19. Rxc2 Kf7 20. c4 b4 21. Rd1 Rd8 22. Rxd8 Bxd8 23. Rd2 Ke8 24. Kf1 Bg5 25. Bxg5 1/2-1/2

[Event "WchT Seniors 50"]
[Site "Prague"]
[Date "2020.03.09"]
[Round "4.2"]
[White "Jonsson, Bjorgvin"]
[Black "Langner, Ladislav"]
[Result "1/2-1/2"]
[WhiteElo "2324"]
[BlackElo "2377"]
[PlyCount "87"]
[EventDate "2020.03.06"]
[EventType "team-swiss"]
[EventRounds "7"]
[EventCountry "CZE"]
[SourceTitle "CBM 195 Extra"]
[Source "ChessBase"]
[SourceDate "2020.05.31"]
[SourceVersion "1"]
[SourceVersionDate "2020.05.31"]
[SourceQuality "1"]
[WhiteTeam "Island 50"]
[BlackTeam "Czech Republic 50"]
[WhiteTeamCountry "ISL"]
[BlackTeamCountry "CZE"]

1. e4 g6 2. d4 Bg7 3. Nc3 c6 4. Be3 d5 5. f3 dxe4 6. fxe4 Nf6 7. Nf3 Qa5 8. Bd3 Ng4 9. Bd2 Qc7 10. Qe2 e5 11. d5 Nd7 12. a4 0-0 13. 0-0 a5 14. Bc4 Nb6 15. Bb3 Bd7 16. h3 Nf6 17. Be3 cxd5 18. exd5 Rac8 19. Rad1 e4 20. Nd4 Bxh3 21. Ndb5 Qg3 22. Qf2 Qg4 23. Bxb6 Nh5 24. Bd4 Nf4 25. Bxg7 Nxg2 26. Be5 Nf4+ 27. Kh2 Bxf1 28. Bxf4 Bxb5 29. axb5 Rxc3 30. bxc3 Qxd1 31. d6 Rc8 32. Bg3 Qh5+ 33. Kg2 g5 34. Qe3 Qg4 35. Bd5 Re8 36. Bxb7 f5 37. d7 Rd8 38. Bd5+ Kg7 39. Bc6 f4 40. Qd4+ Kh6 41. Qf6+ Kh5 42. Qf7+ Kh6 43. Qf6+ Kh5 44. Qf7+ 1/2-1/2

[Event "ISL-chT1 1920"]
[Site "Reykjavik"]
[Date "2019.10.04"]
[Round "2.4"]
[White "Jonsson, Bjorgvin"]
[Black "Hansen, Sune Berg"]
[Result "0-1"]
[WhiteElo "2334"]
[BlackElo "2573"]
[PlyCount "138"]
[EventDate "2019.10.03"]
[EventType "team-tourn"]
[EventRounds "9"]
[EventCountry "ISL"]
[SourceTitle "CBM 195 Extra"]
[Source "ChessBase"]
[SourceDate "2020.05.31"]
[SourceVersion "1"]
[SourceVersionDate "2020.05.31"]
[SourceQuality "1"]
[WhiteTeam "Breidjablik Bolungarvik"]
[BlackTeam "Skakfelag Akureyrar"]
[WhiteTeamCountry "ISL"]
[BlackTeamCountry "ISL"]

1. e4 c5 2. Nf3 d6 3. d4 cxd4 4. Nxd4 Nf6 5. Nc3 a6 6. Bg5 Nbd7 7. f4 Qc7 8. Qe2 e5 9. Nf5 h6 10. Bxf6 Nxf6 11. Ne3 exf4 12. Ned5 Nxd5 13. Nxd5 Qa5+ 14. b4 Qd8 15. Rd1 Be6 16. Nxf4 Qf6 17. Nxe6 fxe6 18. Qf3 Qxf3 19. gxf3 Rc8 20. Bd3 Be7 21. 0-0 Rc3 22. b5 a5 23. Rb1 0-0 24. Rb3 Rc5 25. f4 Bf6 26. c4 g5 27. f5 Re8 28. Rbb1 exf5 29. Rxf5 Rxf5 30. exf5 Re3 31. Rd1 Bd4 32. Kg2 Kg7 33. Bf1 Be5 34. Rd3 Re4 35. Rh3 Bd4 36. Rd3 h5 37. Rd2 Rg4+ 38. Kf3 Kf6 39. Bd3 b6 40. Re2 Be5 41. Ke3 Rh4 42. Kd2 g4 43. Ke1 Rxh2 44. Rxh2 Bxh2 45. Kf2 Kg5 46. Ke3 h4 47. Ke4 Be5 48. c5 h3 49. Bf1 Kf6 50. cxb6 d5+ 51. Kxd5 Kxf5 52. b7 Kf4 53. Ke6 Bb8 54. Kd7 Kf3 55. Kc8 Be5 56. b6 Kf2 57. Bb5 g3 58. b8Q Bxb8 59. Kxb8 g2 60. b7 g1Q 61. Ka8 Qg2 62. Ka7 h2 63. b8Q Qg7+ 64. Ka6 Qh6+ 65. Kxa5 h1Q 66. Qa7+ Qe3 67. Qb8 Qhe1+ 68. Ka6 Qa3+ 69. Kb7 Qee7+ 0-1

[Event "ISL-chT1 1819"]
[Site "Reykjavik"]
[Date "2018.11.11"]
[Round "5.5"]
[White "Jonsson, Bjorgvin"]
[Black "Nagy, Gabor"]
[Result "0-1"]
[WhiteElo "2339"]
[BlackElo "2464"]
[PlyCount "104"]
[EventDate "2018.11.08"]
[EventType "team-tourn"]
[EventRounds "9"]
[EventCountry "ISL"]
[SourceTitle "CBM 187 Extra"]
[Source "ChessBase"]
[SourceDate "2018.11.04"]
[SourceVersion "1"]
[SourceVersionDate "2018.11.04"]
[SourceQuality "1"]
[WhiteTeam "Breidjablik Bolungavik"]
[BlackTeam "Taflfelag Gardjabaejar"]
[WhiteTeamCountry "ISL"]
[BlackTeamCountry "ISL"]

1. e4 c5 2. Nf3 e6 3. d4 cxd4 4. Nxd4 Nc6 5. Nc3 Qc7 6. Be3 Nf6 7. Bd3 a6 8. 0-0 Ne5 9. Nf3 Neg4 10. Bd2 d6 11. h3 Ne5 12. a4 Nfd7 13. Be3 b6 14. Nd2 Be7 15. f4 Nxd3 16. cxd3 0-0 17. Rc1 Qd8 18. Nc4 Rb8 19. b4 Bb7 20. Qb3 d5 21. exd5 exd5 22. Nb2 Bf6 23. d4 Re8 24. Bf2 Nf8 25. Nd3 Ne6 26. Ne2 g6 27. Ne5 Ng7 28. Nc3 Nf5 29. b5 axb5 30. Nxb5 Bg7 31. Na7 Ra8 32. Nac6 Qd6 33. a5 f6 34. Qxb6 Ba6 35. g4 Bxf1 36. Rxf1 Ne7 37. Nxe7+ Qxe7 38. Nc6 Qa3 39. Qb5 Qxh3 40. Qxd5+ Kh8 41. Qg2 Qd3 42. Qd5 Qe2 43. Qg2 Qc4 44. Qf3 Rac8 45. d5 Re4 46. Bb6 Rce8 47. Qd1 Bf8 48. Bd4 Rxd4 49. Nxd4 Bc5 50. d6 Bxd4+ 51. Kh1 Re2 52. Rf3 Qa2 0-1

[Event "ISL-chT2 1718"]
[Site "Reykjavik"]
[Date "2018.03.03"]
[Round "7.1"]
[White "Karlsson, Agust Sindri"]
[Black "Jonsson, Bjorgvin"]
[Result "1/2-1/2"]
[WhiteElo "2248"]
[BlackElo "2346"]
[PlyCount "27"]
[EventDate "2017.10.20"]
[EventType "team-tourn"]
[EventRounds "7"]
[EventCountry "ISL"]
[SourceTitle "EXT 2019"]
[Source "ChessBase"]
[SourceDate "2018.10.10"]
[SourceVersion "1"]
[SourceVersionDate "2018.10.10"]
[SourceQuality "1"]
[WhiteTeam "Hauka"]
[BlackTeam "Reykjanesbaejar"]
[WhiteTeamCountry "ISL"]
[BlackTeamCountry "ISL"]

1. e4 g6 2. d4 Bg7 3. Nc3 d6 4. Nf3 Nf6 5. Be2 0-0 6. 0-0 a6 7. a4 e6 8. Re1 Nc6 9. h3 b6 10. Bg5 h6 11. Be3 Bb7 12. Bf1 Ne7 13. Bf4 Kh7 14. Bh2 1/2-1/2

[Event "ISL-chT 1617"]
[Site "Reykjavik"]
[Date "2017.03.04"]
[Round "8.2"]
[White "Karlsson, Bjorn Ivar"]
[Black "Jonsson, Bjorgvin"]
[Result "1/2-1/2"]
[WhiteElo "2313"]
[BlackElo "2352"]
[PlyCount "98"]
[EventDate "2016.09.29"]
[EventType "team-tourn"]
[EventRounds "9"]
[EventCountry "ISL"]
[SourceTitle "EXT 2018"]
[Source "ChessBase"]
[SourceDate "2017.10.13"]
[SourceVersion "1"]
[SourceVersionDate "2017.10.13"]
[SourceQuality "1"]
[WhiteTeam "Akureyri"]
[BlackTeam "Reykjanesbaejar"]
[WhiteTeamCountry "ISL"]
[BlackTeamCountry "ISL"]

1. d4 Nf6 2. Bf4 e6 3. e3 Be7 4. Nd2 0-0 5. Bd3 c5 6. c3 b6 7. Qe2 Bb7 8. Ngf3 d6 9. e4 cxd4 10. cxd4 Nc6 11. a3 Nxd4 12. Nxd4 e5 13. Be3 exd4 14. Bxd4 Nd7 15. 0-0 Bf6 16. Qe3 Nc5 17. Rac1 Ne6 18. Bxf6 Qxf6 19. Nc4 Rad8 20. Rfd1 Nc5 21. Bb1 Rfe8 22. Qg3 Re6 23. b4 Nxe4 24. Bxe4 Bxe4 25. Nxd6 g6 26. Nxe4 Rxe4 27. Qc7 Rxd1+ 28. Rxd1 Re2 29. Qd8+ Qxd8 30. Rxd8+ Kg7 31. g3 Ra2 32. Rd3 Kf6 33. Kg2 h5 34. h4 Ke6 35. Kf3 f6 36. Ke3 g5 37. Kf3 g4+ 38. Ke3 Ke5 39. f4+ gxf3 40. Kxf3 a5 41. bxa5 bxa5 42. g4 hxg4+ 43. Kxg4 f5+ 44. Kf3 Rh2 45. Kg3 Rh1 46. Re3+ Kf6 47. Rc3 Rg1+ 48. Kf2 Rg4 49. Rc6+ Kg7 1/2-1/2

[Event "ISL-chT 1617"]
[Site "Reykjavik"]
[Date "2016.10.01"]
[Round "4.2"]
[White "Jonsson, Bjorgvin"]
[Black "Thorsteinsson, Thorsteinn"]
[Result "0-1"]
[WhiteElo "2352"]
[BlackElo "2267"]
[PlyCount "100"]
[EventDate "2016.09.29"]
[EventType "team-tourn"]
[EventRounds "9"]
[EventCountry "ISL"]
[SourceTitle "EXT 2018"]
[Source "ChessBase"]
[SourceDate "2017.10.13"]
[SourceVersion "1"]
[SourceVersionDate "2017.10.13"]
[SourceQuality "1"]
[WhiteTeam "Reykjanesbaejar"]
[BlackTeam "Huginn II"]
[WhiteTeamCountry "ISL"]
[BlackTeamCountry "ISL"]

1. e4 g6 2. d4 Bg7 3. Nc3 c6 4. Be3 Qb6 5. a3 d6 6. Nf3 Qc7 7. h3 Nd7 8. Qd2 e5 9. dxe5 dxe5 10. Bc4 Ngf6 11. 0-0 0-0 12. Rad1 Nh5 13. Ne2 Ndf6 14. Bd3 Rd8 15. Qc1 Nd7 16. Bc4 Re8 17. g4 Nhf6 18. Ng3 Nb6 19. Ba2 Be6 20. Bxe6 Rxe6 21. c4 c5 22. Rd2 Ree8 23. Ne1 Rad8 24. Nd3 Nfd7 25. Rfd1 Bf6 26. b4 Be7 27. f3 Rc8 28. b5 f6 29. f4 exf4 30. Bxf4 Ne5 31. Nxe5 fxe5 32. Bh6 Rcd8 33. Qc3 Rd4 34. Qb3 Bf8 35. Be3 Rxd2 36. Rxd2 Qf7 37. Rf2 Qxc4 38. Qd1 Qe6 39. a4 Nc4 40. Bg5 Be7 41. Bxe7 Rxe7 42. Qd8+ Re8 43. Qg5 Kh8 44. Rf6 Qd7 45. Rf2 Qd8 46. Qh6 Kg8 47. Nf5 gxf5 48. gxf5 Kh8 49. Kh2 Rg8 50. Qe6 Qg5 0-1

[Event "ISL-chT2 1516"]
[Site "Reykjavik"]
[Date "2015.09.26"]
[Round "4.3"]
[White "Birkisson, Bjorn Holm"]
[Black "Jonsson, Bjorgvin"]
[Result "0-1"]
[WhiteElo "1907"]
[BlackElo "2335"]
[PlyCount "122"]
[EventDate "2015.09.25"]
[EventType "team-tourn"]
[EventRounds "7"]
[EventCountry "ISL"]
[SourceTitle "EXT 2017"]
[Source "ChessBase"]
[SourceDate "2016.10.25"]
[SourceVersion "1"]
[SourceVersionDate "2016.10.25"]
[SourceQuality "1"]
[WhiteTeam "Reykjavik III"]
[BlackTeam "Reykjanesbaejar"]
[WhiteTeamCountry "ISL"]
[BlackTeamCountry "ISL"]

1. e4 c5 2. d4 cxd4 3. c3 dxc3 4. Nxc3 Nc6 5. Nf3 e6 6. Bc4 Qc7 7. 0-0 Nf6 8. Nb5 Qb8 9. e5 a6 10. exf6 axb5 11. fxg7 Bxg7 12. Bxb5 0-0 13. Qe2 d5 14. a4 Bd7 15. Ra3 Qd6 16. Rd1 Rad8 17. Nh4 Ne7 18. Bxd7 Rxd7 19. Rh3 Qe5 20. Qf3 Ng6 21. Be3 d4 22. Bd2 Rd5 23. Qd3 Qf6 24. Nxg6 hxg6 25. Bh6 Rc8 26. Bxg7 Kxg7 27. Qd2 Qg5 28. Qxg5 Rxg5 29. Rhd3 Rd5 30. Kf1 Rc4 31. b3 Rb4 32. Rc1 e5 33. f3 f5 34. Re1 Kf6 35. h4 Rd6 36. Re2 Rdb6 37. g4 Rxb3 38. g5+ Ke6 39. Rxd4 Rxf3+ 40. Kg2 Rbb3 41. Rd8 e4 42. Rh8 Rg3+ 43. Kh2 Rh3+ 44. Kg1 Rbg3+ 45. Rg2 f4 46. Rxg3 Rxg3+ 47. Kf1 Kf5 48. Rb8 Ra3 49. Rxb7 Rxa4 50. Rb5+ Kg4 51. Rb6 Kf3 52. Rb1 e3 53. h5 gxh5 54. g6 Ra6 55. Kg1 Rxg6+ 56. Kh2 e2 57. Rf1+ exf1N+ 58. Kh1 Ng3+ 59. Kh2 Ra6 60. Kh3 Nf5 61. Kh2 Ra1 0-1

[Event "ISL-chT2 1516"]
[Site "Reykjavik"]
[Date "2015.09.26"]
[Round "3.3"]
[White "Jonsson, Bjorgvin"]
[Black "Sverrisson, Nokkvi"]
[Result "1-0"]
[WhiteElo "2335"]
[BlackElo "2083"]
[PlyCount "105"]
[EventDate "2015.09.25"]
[EventType "team-tourn"]
[EventRounds "7"]
[EventCountry "ISL"]
[SourceTitle "EXT 2017"]
[Source "ChessBase"]
[SourceDate "2016.10.25"]
[SourceVersion "1"]
[SourceVersionDate "2016.10.25"]
[SourceQuality "1"]
[WhiteTeam "Reykjanesbaejar"]
[BlackTeam "Selfoss"]
[WhiteTeamCountry "ISL"]
[BlackTeamCountry "ISL"]

1. e4 c5 2. Nf3 d6 3. d4 cxd4 4. Nxd4 Nf6 5. Nc3 g6 6. Be3 Bg7 7. f3 0-0 8. Qd2 Nc6 9. Bc4 Bd7 10. h4 h5 11. 0-0-0 Rc8 12. Bb3 Ne5 13. Bg5 Rc5 14. Kb1 Re8 15. f4 Nc4 16. Qd3 Ng4 17. Bxc4 Nf2 18. Qe2 Nxh1 19. Bb3 Qc8 20. Qe3 e6 21. f5 exf5 22. Rxh1 Rxc3 23. Qxc3 Qxc3 24. bxc3 Rxe4 25. Bd5 Re8 26. Bd2 Kf8 27. Re1 Rc8 28. Bf4 Rxc3 29. Bxd6+ Kg8 30. Nf3 Ba4 31. Re2 Bf6 32. Ng5 Bb5 33. Re1 Kg7 34. Bb3 Bc6 35. g3 a5 36. a4 b5 37. axb5 Bxb5 38. Be5 Rc6 39. Bxf6+ Kxf6 40. Bxf7 Bc4 41. Bxc4 Rxc4 42. Re6+ Kg7 43. Re3 Kf6 44. Nh3 a4 45. Nf4 g5 46. Nd5+ Kf7 47. Re7+ Kg6 48. Re6+ Kg7 49. hxg5 a3 50. Ne3 Rc3 51. Nxf5+ Kf7 52. Ra6 Rf3 53. g6+ 1-0

[Event "ISL-chT2 1516"]
[Site "Reykjavik"]
[Date "2015.09.25"]
[Round "1.4"]
[White "Jonsson, Bjorgvin"]
[Black "Magnusson, Gunnar1"]
[Result "1-0"]
[WhiteElo "2335"]
[BlackElo "2105"]
[PlyCount "47"]
[EventDate "2015.09.25"]
[EventType "team-tourn"]
[EventRounds "7"]
[EventCountry "ISL"]
[SourceTitle "EXT 2017"]
[Source "ChessBase"]
[SourceDate "2016.10.25"]
[SourceVersion "1"]
[SourceVersionDate "2016.10.25"]
[SourceQuality "1"]
[WhiteTeam "Reykjanesbaejar"]
[BlackTeam "Iceland CC"]
[WhiteTeamCountry "ISL"]
[BlackTeamCountry "ISL"]

1. e4 d6 2. d4 Nf6 3. Nc3 c6 4. Be3 Qc7 5. Qd2 e5 6. 0-0-0 Be7 7. f3 0-0 8. g4 b5 9. Kb1 Nbd7 10. g5 Nh5 11. Nce2 f6 12. gxf6 Ndxf6 13. Ng3 Be6 14. Nh3 Rad8 15. Ng5 Bc8 16. Qc3 Nxg3 17. hxg3 h6 18. Qb3+ d5 19. dxe5 hxg5 20. exf6 Bxf6 21. exd5 Be6 22. c4 bxc4 23. Bxc4 Bf5+ 24. Ka1 1-0

[Event "ISL-chT 1415"]
[Site "Reykjavik"]
[Date "2015.03.21"]
[Round "8.3"]
[White "Gajewski, Grzegorz"]
[Black "Jonsson, Bjorgvin"]
[Result "1-0"]
[WhiteElo "2648"]
[BlackElo "2353"]
[PlyCount "47"]
[EventDate "2014.10.02"]
[EventType "team-tourn"]
[EventRounds "9"]
[EventCountry "ISL"]
[SourceTitle "EXT 2016"]
[Source "ChessBase"]
[SourceDate "2015.10.08"]
[SourceVersion "1"]
[SourceVersionDate "2015.10.08"]
[SourceQuality "1"]
[WhiteTeam "Vikingaklubburinn"]
[BlackTeam "Reykjanesbaejar"]
[WhiteTeamCountry "ISL"]
[BlackTeamCountry "ISL"]

1. Nf3 Nf6 2. c4 e6 3. g3 b6 4. Bg2 Bb7 5. d4 Be7 6. 0-0 0-0 7. Re1 d6 8. Nc3 Nbd7 9. e4 e5 10. b3 Re8 11. Bb2 Bf8 12. Nd5 c6 13. Nxf6+ Qxf6 14. dxe5 Nxe5 15. Nd4 c5 16. Nb5 Nf3+ 17. Bxf3 Qxb2 18. Nc7 g6 19. e5 Bxf3 20. Qxf3 Rac8 21. Nxe8 Rxe8 22. exd6 Rxe1+ 23. Rxe1 Bxd6 24. Qd5 1-0

[Event "ISL-chT 1415"]
[Site "Reykjavik"]
[Date "2015.03.20"]
[Round "7.4"]
[White "Jonsson, Bjorgvin"]
[Black "Grandelius, Nils"]
[Result "0-1"]
[WhiteElo "2353"]
[BlackElo "2569"]
[PlyCount "94"]
[EventDate "2014.10.02"]
[EventType "team-tourn"]
[EventRounds "9"]
[EventCountry "ISL"]
[SourceTitle "EXT 2016"]
[Source "ChessBase"]
[SourceDate "2015.10.08"]
[SourceVersion "1"]
[SourceVersionDate "2015.10.08"]
[SourceQuality "1"]
[WhiteTeam "Reykjanesbaejar"]
[BlackTeam "Vestmannaeyja"]
[WhiteTeamCountry "ISL"]
[BlackTeamCountry "ISL"]

1. e4 e5 2. Nf3 Nc6 3. Bb5 a6 4. Ba4 Nf6 5. 0-0 Be7 6. Re1 b5 7. Bb3 d6 8. c3 0-0 9. h3 Nb8 10. d4 Nbd7 11. Nbd2 c5 12. Nf1 Re8 13. Ng3 Bf8 14. a4 Bb7 15. d5 c4 16. Bc2 Nc5 17. Bg5 Rb8 18. Qd2 Bc8 19. axb5 axb5 20. Ra7 Bd7 21. Rea1 Be7 22. Be3 Qc8 23. Qe2 Bd8 24. Nd2 Rf8 25. Kh2 Bb6 26. R7a3 Qd8 27. Rf1 Qe7 28. f4 Ng4+ 29. hxg4 exf4 30. Rxf4 Qh4+ 31. Kg1 Qxg3 32. Nf1 Qh4 33. Qf3 Qe1 34. Kh2 b4 35. cxb4 Qxb4 36. Bd4 Nd3 37. Bc3 Qc5 38. Bxd3 cxd3 39. Qxd3 Bb5 40. Qf3 Qg1+ 41. Kg3 Qh1 42. g5 Bd8 43. Ne3 Bxg5 44. Rg4 h6 45. Nf5 g6 46. Ra1 Qh5 47. Ra7 gxf5 0-1

[Event "ISL-chT 1415"]
[Site "Reykjavik"]
[Date "2014.10.02"]
[Round "1.4"]
[White "Kveinys, Aloyzas"]
[Black "Jonsson, Bjorgvin"]
[Result "1-0"]
[WhiteElo "2530"]
[BlackElo "2353"]
[PlyCount "185"]
[EventDate "2014.10.02"]
[EventType "team-tourn"]
[EventRounds "9"]
[EventCountry "ISL"]
[SourceTitle "EXT 2015"]
[Source "ChessBase"]
[SourceDate "2014.11.20"]
[SourceVersion "1"]
[SourceVersionDate "2014.11.20"]
[SourceQuality "1"]
[WhiteTeam "Island"]
[BlackTeam "Reykjanesbaejar"]
[WhiteTeamCountry "ISL"]
[BlackTeamCountry "ISL"]

1. d4 Nf6 2. c4 e6 3. Nf3 b6 4. g3 Ba6 5. Qa4 Bb7 6. Bg2 c5 7. dxc5 bxc5 8. 0-0 Be7 9. Nc3 0-0 10. Rd1 d6 11. Bf4 Qb6 12. Rab1 Bc6 13. Qc2 Rd8 14. e4 Qb7 15. Ne1 Na6 16. Qe2 e5 17. Bg5 Nc7 18. Nc2 a5 19. Bxf6 Bxf6 20. Bh3 Rab8 21. b3 g6 22. a4 Ne6 23. Bxe6 fxe6 24. Na3 Qf7 25. Nab5 Be7 26. Rd3 Rd7 27. Rbd1 Rbd8 28. h4 Bf8 29. Qg4 h5 30. Qe2 Kh7 31. Kf1 d5 32. cxd5 exd5 33. Nxd5 Bxd5 34. Rxd5 Rxd5 35. Rxd5 Rxd5 36. exd5 Qxd5 37. Qc4 Qd1+ 38. Kg2 Qd7 39. Nc3 Qf5 40. Ne4 Kg7 41. Qd5 Be7 42. Kf1 Qh3+ 43. Ke2 Qg4+ 44. Ke3 Qf5 45. Nxc5 Bxc5+ 46. Qxc5 Qe6 47. Qb5 Kf6 48. Ke2 Qc8 49. Qb6+ Kf7 50. Kd2 Qd7+ 51. Ke3 Qd1 52. Ke4 Qe2+ 53. Kd5 Kg7 54. Qe3 Qd1+ 55. Kxe5 Qc2 56. Kd5 Kh7 57. f4 Qc7 58. Qd3 Qb7+ 59. Ke6 Qb6+ 60. Ke7 Qb4+ 61. Kf6 Qb6+ 62. Ke5 Qc7+ 63. Ke4 Qc6+ 64. Ke3 Qg2 65. Kd4 Qf2+ 66. Kd5 Qb6 67. f5 Qd8+ 68. Kc4 Qc8+ 69. Kb5 gxf5 70. Kxa5 Qc5+ 71. Qb5 Qa7+ 72. Kb4 Qd4+ 73. Qc4 Qd6+ 74. Qc5 Qd2+ 75. Ka3 Kg6 76. Qc6+ Kf7 77. Qc7+ Ke6 78. Qc4+ Kf6 79. Qf4 Qd1 80. a5 Qa1+ 81. Kb4 Qe1+ 82. Ka4 Qe8+ 83. Ka3 Qe1 84. Qd6+ Kf7 85. b4 Qc3+ 86. Ka4 Qc2+ 87. Kb5 Qe2+ 88. Kb6 Qe3+ 89. Ka6 Qe4 90. b5 Qe2 91. Qd5+ Kf6 92. Qc6+ Ke7 93. Kb7 1-0